கட்டுரைக் களம் : தரம் - 1,2,3 /

Saved in:
Bibliographic Details
Main Author: யோ.சுகுந்தன்
Format: Book
Language:English
Tamil
Published: கொழும்பு : லங்கா புத்தகசாலை; 2016.
Subjects:
Tags: Add Tag
No Tags, Be the first to tag this record!

MARC

LEADER 00000nam a22000007a 4500
005 20260411100011.0
008 260411b |||||||| |||| 00| 0 eng d
020 |a 9789557888866 
041 |a tam 
082 |a 894.8114  |b சுகுந் 
100 |a யோ.சுகுந்தன்  |9 117223 
245 |a கட்டுரைக் களம் :  |b தரம் - 1,2,3 /  |c யோ.சுகுந்தன் 
260 |a கொழும்பு :  |b லங்கா புத்தகசாலை;  |c 2016. 
300 |a 50 பக்.  |c 29.4 Cm. 
650 |a  Tamil essays, தமிழ் கட்டுரைகள்   |9 117224 
942 |c BK 
999 |c 71265  |d 71265